Регионална библиотека "Любен Каравелов" - Русе

Смешни факти за животните : Домашните животни (Запис номер 391615)

MARC детайли
000 -Лидер
Контролно поле с фиксирана дължина 01298nam a2200313 a 4500
003 - Код на организацията, давaща контролен номер
Контролно поле BLK
005 - Дата и час на последна редакция
Контролно поле 20250215123057.0
008 - Елементи от данни с фиксирана дължина
fixed length control field 200703b bu ||||| |||| 00| 0 bu d
020 ## - Международен стандартен номер на книга ISBN
Международен стандартен номер на книга ISBN 9786192460198
040 ## - Източник на каталожния запис
Идентификатор на билиотеката - собственик на записа BLK
041 ## - Код за език
Код за езика на текст/звукозапис или на отделно заглавие Български
Код за езика КДБФ Български
080 ## - УДК
Текстов определител УДК Домашни животни
УДК код - определител по УДК 636.1/.9
УДК определител :087.5
УДК - код + определител 636.1/.9:087.5
100 ## - Редна дума - Автор
Автор Недева, Катина Бисерова
Авторска отговорност първи автор
R(LIN) 1299
139 ## - Редно поле
Редна дума Недева, Катина Бисерова
Авторски знак Нед - Н 42
245 ## - Сведения за заглавието
Заглавие Смешни факти за животните : Домашните животни
Редно поле (дума) Катина Недева ; ил. Катина Недева
260 ## - Област на издателските данни
9 (RLIN) 402164
Място на издаване, разпространение и проч. София
Име на издателя, разпространителя и проч. Робертино
Година на издаване 2020
Печатница ([София] : Алианс принт)
300 ## - Физическа характеристика
Страници 24 с.
Илюстрации и др. с цв. ил.
Размери/Мащаб 23 см
380 ## - Жанр
Жанр Детска отраслова лит.
490 ## - СЕРИИ (Колекции)
9 (RLIN) 465509
Име на серия Смешни факти за животните
500 ## - Общи забележки
Забележка Биогр. данни за авт. <br/>
650 #0 - Допълнително описание по предмет – тема
9 (RLIN) 247829
Основно описание – тема или топоним Животни, домашни
653 #7 - Ключова дума – ненормативна
9 (RLIN) 185424
Ключова дума домашни животни
653 #7 - Ключова дума – ненормативна
9 (RLIN) 184826
Ключова дума детска литература
852 ## - Местоположение
Фондова буква Хранилище
Форматна сигнатура Цб 304634
852 ## - Местоположение
Фондова буква Детски отдел
Систематично-азбучна сигнатура 636/639/Н 42 К
999 ## - СИСТЕМНИ КОНТРОЛНИ НОМЕРА
Koha biblionumber 391615
Koha biblioitemnumber 391615
942 ## - АРТИКУЛИ
Източник на класификационната схема Universal Decimal Classification
Вид на библиотечния материал Книги
Скрит в OPAC Не
Периодичен библиозапис Да
Koha issues (borrowed), all copies 37
944 ## - СЪЗДАВАНЕ И РЕДАКЦИЯ на ЗАПИСА
Създаване/Редакция Създаване
Дата на регистрацията/редакция 2020-11-26
Служител, извършил регистрацията/редакцията 30552
Статус, дата на статуса Виолета Тройчева
944 ## - СЪЗДАВАНЕ И РЕДАКЦИЯ на ЗАПИСА
Създаване/Редакция Редакция
Дата на регистрацията/редакция 2021-10-12
Служител, извършил регистрацията/редакцията ГГГ
Наличности
Код за отписване Код за изгубен артикул Източник на класификационната схема Код за повреда Коз за рестрикции Код за отдаване Артикулен № Име на библиотеката - собственик Име на библиотеката, в която се намира в момента Статус (Текущо местоположение) Дата на вписване в системата Местоположение - отдел Цена в лева Систематично азбучна сигнатура Баркод Цена в евро Служебен тип на артикула
  Не е изгубен Universal Decimal Classification Не е повреден само за читалня ползва се в читалня 805439 Регионална библиотека "Любен Каравелов" Русе Регионална библиотека "Любен Каравелов" Русе Хранилище 2020-11-20 Хранилище 9.99 Цб 304634 120000850060 5.11 Книги
  Не е изгубен Universal Decimal Classification Не е повреден без рестрикции заемане за дома 857295 Регионална библиотека "Любен Каравелов" Русе Регионална библиотека "Любен Каравелов" Русе Детски отдел 2021-10-12 Детски отдел 6.00 636/639/Н 42 Н 120000860305 3.07 Книги
  Не е изгубен Universal Decimal Classification Не е повреден без рестрикции заемане за дома 857296 Регионална библиотека "Любен Каравелов" Русе Регионална библиотека "Любен Каравелов" Русе Детски отдел 2021-10-12 Детски отдел 6.00 636/639/Н 42 Н 120000860304 3.07 Книги
Vip Innovations Ltd, Rousse, Bulgaria 2025